000
00321nam a22001217a 4500
008
190312b xxu||||| |||| 00| 0 eng d
041
_a
eng
080
_a
043.3
100
_a
0
101
_a
SHKI-MTH
245
_a
Analiza e rrjeteve kompjuterike në shkollat fillore në komunën e Istogut
_c
Zeqiraj,A
942
_2
udc
_c
BK
999
_c
54713
_d
54713